Odgadnij w którym klubie nie grał ten piłkarz - Statystyki

Ogólne statystyki
  • Ten quiz został rozwiązany 231 razy
  • Średni wynik to 7 z 15
Statystyki odpowiedzi
Zagadnienie Odpowiedź % Poprawnych
Neymar Junior Real Madryt
88%
Eden Hazard Benfica
81%
Robert Lewandowski Legia Warszawa
79%
Erling Braut Haland Union Berlin
75%
David Beckham Derby Country
70%
Andrij Szewczenko Inter Mediolan
67%
Franck Ribery Lazio
51%
Michał Pazdan Yeni Malatyaspor
41%
Javier Mascherano Racing Cordoba
34%
Diego Costa Real Betis
34%
Claudio Bravo Real Betis
22%
George Best Nothingam Forest
13%
Dani Alves Sao Paulo FC
10%
Wayne Rooney Derby Country
8%
Joshua Kimmich Bayern Monachium
4%
Nie znaleziono quizów pasujących do podanych kryteriów
Rozkład punktacji
Procent ludzi z każdym wynikiem
Percentyl według liczby udzielonych odpowiedzi
Twoja historia wyników
Nie rozwiązałeś tego quizu